[Event "Lichtenberger Sommer"]
[Site "Berlin"]
[Date "2009.08.17"]
[Round "3.45"]
[White "Costello, Colin"]
[Black "Kiesewetter, Peter"]
[Result "1-0"]
[WhiteElo "2038"]
[BlackElo "1906"]
[PlyCount "49"]
[EventDate "2009.??.??"]
[WhiteTeam "SC Weisse Dame e.V."]
[BlackTeam "SC Schwarz-Weiß Lichtenrade e.V."]

1. c4 Nf6 2. g3 d5 3. cxd5 Nxd5 4. Nc3 c5 5. Bg2 e6 6. Nf3 Nc6 7. O-O Be7 8. d4
cxd4 9. Nxd4 Nxd4 10. Qxd4 Bf6 11. Qc5 b6 12. Qa3 Bb7 13. Rd1 Bxc3 14. bxc3 Qc7
15. c4 Ne7 16. Bf4 Qc8 17. Bxb7 Qxb7 18. Rd6 Nf5 19. Rd2 Qe7 20. Qa4+ Kf8 21.
Rd7 Qf6 22. Rad1 g5 23. Bc1 Kg7 24. e4 Ne7 25. e5 1-0

[Event "Lichtenberger Sommer"]
[Site "Berlin"]
[Date "2009.08.17"]
[Round "3.46"]
[White "Kayser, Stefan"]
[Black "Roth, Joachim"]
[Result "1-0"]
[WhiteElo "1964"]
[BlackElo "1891"]
[PlyCount "95"]
[EventDate "2009.??.??"]
[WhiteTeam "Schachclub Oranienburg e.V."]
[BlackTeam "SG Bund"]

1. d4 d5 2. c4 e6 3. Nc3 c6 4. cxd5 exd5 5. Qc2 f5 6. Nf3 Bd6 7. g3 Nf6 8. Bg2
O-O 9. O-O Qe8 10. e3 Qh5 11. Rb1 Nbd7 12. b4 a6 13. Na4 Ne4 14. Nc5 Ndf6 15.
a4 Ra7 16. b5 axb5 17. axb5 b6 18. Na4 cxb5 19. Nxb6 Rc7 20. Qb3 Bb7 21. Bd2 g5
22. Ba5 Rg7 23. Rb2 f4 24. Bb4 g4 25. Ne5 f3 26. Bh1 Ng5 27. Rc1 Bxb4 28. Qxb4
Nfe4 29. Nbd7 Rd8 30. Rc7 Ba8 31. Nf6+ Nxf6 32. Rxg7+ Kxg7 33. Qe7+ Nf7 34.
Nxf7 Qxf7 35. Qxd8 Qa7 36. Rb1 Qa2 37. Rc1 Bc6 38. h3 Bd7 39. hxg4 Bxg4 40.
Qc7+ Kg6 41. Rc6 Qb1+ 42. Kh2 Bh5 43. Qd8 Qf5 44. Qg8+ Kh6 45. g4 Bxg4 46.
Rxf6+ Qxf6 47. Qxg4 Qd6+ 48. Qg3 1-0

[Event "Lichtenberger Sommer"]
[Site "Berlin"]
[Date "2009.08.17"]
[Round "3.47"]
[White "Ritter, Uwe"]
[Black "Sabrowski, Uwe"]
[Result "0-1"]
[WhiteElo "1737"]
[BlackElo "2127"]
[PlyCount "30"]
[EventDate "2009.??.??"]
[WhiteTeam "Reideburger SV 90 Halle"]
[BlackTeam "SC Friesen Lichtenberg e.V."]

1. f4 c5 2. Nf3 Nc6 3. e3 d5 4. b3 Nf6 5. Bb5 Bd7 6. Bb2 g6 7. O-O Bg7 8. d3
O-O 9. Bxc6 Bxc6 10. Nbd2 b5 11. Ne5 Rc8 12. Nxc6 Rxc6 13. c4 dxc4 14. dxc4 Rd6
15. Rf2 Ne4 0-1

[Event "Lichtenberger Sommer"]
[Site "Berlin"]
[Date "2009.08.17"]
[Round "3.48"]
[White "Kirchhof, Arno"]
[Black "Uckar, Klaudijo"]
[Result "1-0"]
[WhiteElo "2068"]
[BlackElo "1875"]
[PlyCount "119"]
[EventDate "2009.??.??"]
[WhiteTeam "SC Garching 1980 e.V."]
[BlackTeam "SC Kreuzberg e.V."]

1. d4 Nf6 2. Nf3 g6 3. Nbd2 Bg7 4. e4 d6 5. Bd3 O-O 6. O-O Nc6 7. c3 e5 8. Re1
Bg4 9. h3 Bd7 10. Nb3 Nh5 11. Bc4 a6 12. dxe5 Nxe5 13. Nxe5 Bxe5 14. Bh6 Re8
15. Qf3 Qf6 16. Qxf6 Bxf6 17. Nd4 b5 18. Bd5 Rab8 19. Be3 c5 20. Ne2 b4 21. g4
Ng7 22. Rab1 bxc3 23. bxc3 Bb5 24. g5 Be7 25. c4 Ba4 26. Nc3 Bd7 27. h4 Ne6 28.
Bb7 Nc7 29. Rb3 Be6 30. Nd5 Nxd5 31. exd5 Bf5 32. Bxa6 Rxb3 33. axb3 Kf8 34.
Bb5 Rb8 35. Re2 f6 36. Ra2 fxg5 37. hxg5 Kf7 38. Bf4 Rd8 39. Ra7 Kf8 40. Rb7
Bh3 41. Kh2 Bg4 42. Kg3 Bf5 43. Kf3 Bh3 44. Ke3 Bf5 45. Kd2 Ra8 46. Ba4 Rd8 47.
Kc3 Bg4 48. Kb2 Bf5 49. Rb6 Bd3 50. Kc3 Bf5 51. b4 Ra8 52. Kb3 Bc2+ 53. Kxc2
Rxa4 54. Bxd6 Bxd6 55. Rxd6 cxb4 56. Kb3 Ra3+ 57. Kxb4 Rf3 58. Rd7 Kg8 59. c5
Rxf2 60. c6 1-0

[Event "Lichtenberger Sommer"]
[Site "Berlin"]
[Date "2009.08.17"]
[Round "3.49"]
[White "Hoppensack, Manfred"]
[Black "Alvarez, Luis"]
[Result "1-0"]
[WhiteElo "2029"]
[BlackElo "1870"]
[PlyCount "65"]
[EventDate "2009.??.??"]
[WhiteTeam "SC Friesen Lichtenberg e.V."]
[BlackTeam "Schachclub Zug um Zug Everswinke"]

1. e4 d5 2. exd5 Qxd5 3. Nf3 Nf6 4. d4 e6 5. c4 Qd8 6. Nc3 c6 7. Bg5 h6 8. Bh4
Nbd7 9. Be2 Be7 10. O-O O-O 11. Ne5 Nxe5 12. dxe5 Nd7 13. Bxe7 Qxe7 14. Qd6 Qg5
15. f4 Qd8 16. Na4 Nb6 17. Nc5 Qxd6 18. exd6 Nd7 19. Nxd7 Bxd7 20. c5 a5 21.
Rf3 Ra7 22. Rb3 a4 23. Rb6 Rb8 24. Rc1 Ra5 25. a3 Kf8 26. Rc4 Bc8 27. Bf3 Bd7
28. Rcb4 Bc8 29. Bxc6 Rxc5 30. d7 Bxd7 31. Bxd7 Rc7 32. Bc6 Rd8 33. Bxb7 1-0

[Event "Lichtenberger Sommer"]
[Site "Berlin"]
[Date "2009.08.17"]
[Round "3.50"]
[White "Smajic, Mirza"]
[Black "Schmidt, Jürgen"]
[Result "1/2-1/2"]
[WhiteElo "1721"]
[BlackElo "2035"]
[PlyCount "26"]
[EventDate "2009.??.??"]
[WhiteTeam "SC Borussia Friedrichsfelde 1920"]
[BlackTeam "SC Kreuzberg e.V."]

1. e4 e5 2. Nc3 Nc6 3. f4 exf4 4. Nf3 Be7 5. Bc4 d6 6. d4 Nf6 7. Bxf4 O-O 8.
O-O Bg4 9. Qd2 Na5 10. Bd3 c5 11. d5 c4 12. Be2 b5 13. Bg5 h6 1/2-1/2

[Event "Lichtenberger Sommer"]
[Site "Berlin"]
[Date "2009.08.17"]
[Round "3.51"]
[White "Kühnemund, Lutz"]
[Black "Prix, Siegfried"]
[Result "1-0"]
[WhiteElo "1924"]
[BlackElo "1803"]
[PlyCount "97"]
[EventDate "2009.??.??"]
[WhiteTeam "SC Friesen Lichtenberg e.V."]
[BlackTeam "Sfrd. Berlin 1903 e.V."]

1. b4 e5 2. Bb2 f6 3. e4 Bxb4 4. Bc4 Qe7 5. Ne2 Nh6 6. O-O Nf7 7. Nbc3 c6 8.
Ng3 d6 9. Qh5 O-O 10. Kh1 b5 11. Bb3 Kh8 12. Rae1 a5 13. a3 Bc5 14. f4 a4 15.
Ba2 exf4 16. Rxf4 Qe5 17. Qxe5 Nxe5 18. Nce2 Nc4 19. Bxc4 bxc4 20. Nh5 Nd7 21.
g4 Ne5 22. h3 Be6 23. Ref1 d5 24. Nxf6 Ng6 25. Nh5 Nxf4 26. Bxg7+ Kg8 27. Bxf8
Rxf8 28. Nexf4 Bf7 29. Nf6+ Kg7 30. Nd7 Bxa3 31. Nxf8 Bxf8 32. e5 a3 33. e6 Bg6
34. Nxg6 hxg6 35. Rf7+ Kg8 36. Ra7 Bc5 37. Ra6 d4 38. d3 cxd3 39. cxd3 Kf8 40.
Rxc6 Bb4 41. Ra6 g5 42. Kg2 Ke7 43. Kf3 Bd6 44. Ke4 Kxe6 45. Kxd4 Kd7 46. Kd5
Be7 47. Ra7+ Kd8 48. Kc6 Bb4 49. d4 1-0

[Event "Lichtenberger Sommer"]
[Site "Berlin"]
[Date "2009.08.17"]
[Round "3.52"]
[White "Herrmann, Eberhard"]
[Black "Baier, Reinhard"]
[Result "1-0"]
[WhiteElo "1827"]
[BlackElo "2089"]
[PlyCount "91"]
[EventDate "2009.??.??"]
[WhiteTeam "SC Friesen Lichtenberg e.V."]
[BlackTeam "BSG 1827 Eckbauer e.V."]

1. e4 c5 2. Nf3 d6 3. Bc4 Nf6 4. d3 g6 5. O-O Bg7 6. h3 a6 7. a4 Nc6 8. Be3 O-O
9. c3 b6 10. Nbd2 Bb7 11. Re1 Qc7 12. Bb3 b5 13. Rc1 Na5 14. Ba2 c4 15. b4 cxb3
16. Nxb3 bxa4 17. Nbd4 e5 18. Ne2 Bc6 19. c4 Rfb8 20. Nc3 Rb2 21. Ra1 Nb3 22.
Bxb3 axb3 23. Ra3 Qb7 24. Nd2 Rb8 25. Qa1 Rxd2 26. Bxd2 b2 27. Qa2 Nd7 28. Be3
Qb4 29. Rb1 Nc5 30. Bxc5 dxc5 31. Nd1 Qe1+ 32. Kh2 Bh6 33. Rb3 Rxb3 34. Qxb3
Bf4+ 35. g3 Bc1 36. Qc2 Qa5 37. Nxb2 Bd2 38. Nd1 Bb4 39. Qb2 Qc7 40. Ne3 a5 41.
Ng4 a4 42. Nxe5 a3 43. Qa1 Ba4 44. Ng4 h5 45. Nf6+ Kf8 46. Nd5 1-0

[Event "Lichtenberger Sommer"]
[Site "Berlin"]
[Date "2009.08.17"]
[Round "3.53"]
[White "Schütt, Tobias"]
[Black "Strehlow, Horst"]
[Result "1-0"]
[WhiteElo "1697"]
[BlackElo "2115"]
[PlyCount "93"]
[EventDate "2009.??.??"]
[WhiteTeam "SC Friesen Lichtenberg e.V."]
[BlackTeam "SC Friesen Lichtenberg e.V."]

1. c4 c5 2. Nc3 Nf6 3. d3 d5 4. cxd5 Nxd5 5. g3 Nc6 6. Bg2 Nc7 7. f4 g6 8. Nf3
Bg7 9. Be3 Na6 10. Bf2 O-O 11. O-O Qd7 12. Nd2 b6 13. Qc1 Bb7 14. a4 Rfd8 15.
Rd1 Rac8 16. Nc4 Nd4 17. Ra3 Bxg2 18. Kxg2 Nc7 19. Bxd4 cxd4 20. Ne4 Nd5 21.
Qd2 Rxc4 22. dxc4 Ne3+ 23. Qxe3 dxe3 24. Rxd7 Rxd7 25. Rxe3 Bxb2 26. c5 f5 27.
cxb6 Bd4 28. Rd3 fxe4 29. bxa7 Rxa7 30. Rxd4 Kf7 31. Rxe4 Rb7 32. Kf3 Rb3+ 33.
Re3 Rb7 34. a5 Ra7 35. Ra3 Ke6 36. Ke4 Kd6 37. Kd4 Kc6 38. Ke5 Kb5 39. a6 Kb4
40. Ra1 Kc3 41. e4 Kd3 42. Ra3+ Ke2 43. Ke6 Kf2 44. g4 h5 45. g5 h4 46. f5 gxf5
47. exf5 1-0

[Event "Lichtenberger Sommer"]
[Site "Berlin"]
[Date "2009.08.17"]
[Round "3.54"]
[White "Schmidt, Frank"]
[Black "Bockelmann, Rolf"]
[Result "1-0"]
[WhiteElo "1904"]
[BlackElo "1824"]
[PlyCount "67"]
[EventDate "2009.??.??"]
[WhiteTeam "SV Eutin von 1875"]
[BlackTeam "SG Lasker Steglitz-Wilmersdorf"]

1. d4 Nf6 2. c4 e5 3. dxe5 Ng4 4. Bf4 Nc6 5. Nf3 Bc5 6. e3 f6 7. exf6 Qxf6 8.
Nc3 d6 9. Be2 O-O 10. O-O Bf5 11. Ng5 Nge5 12. Qd5+ Kh8 13. Nce4 Qg6 14. Nxc5
dxc5 15. Bxe5 Qxg5 16. Bxc7 Qg6 17. Qxc5 Be4 18. Bg3 Rf5 19. Qa3 Rf7 20. Rad1
Rf6 21. f3 Bf5 22. b4 a5 23. bxa5 Rxa5 24. Qxa5 Rf8 25. Qc7 Qe6 26. e4 Bg6 27.
Rd6 Qe8 28. Qxb7 Na5 29. Qc7 Qa8 30. Be5 Bf7 31. Rfd1 Nb7 32. Rd7 Qa7+ 33. Kh1
Qxa2 34. Rxf7 1-0

[Event "Lichtenberger Sommer"]
[Site "Berlin"]
[Date "2009.08.17"]
[Round "3.55"]
[White "Wirp, Hans-Werner"]
[Black "Inngauer, Wolfram"]
[Result "1/2-1/2"]
[WhiteElo "1818"]
[BlackElo "1898"]
[PlyCount "101"]
[EventDate "2009.??.??"]
[WhiteTeam "SK Oschersleben 1948"]
[BlackTeam "CFC Hertha 06 e.V."]

1. d4 Nf6 2. Nc3 g6 3. e4 d6 4. Be2 Bg7 5. f4 O-O 6. g4 c5 7. d5 Qb6 8. a3 e6
9. g5 Ne8 10. Bc4 e5 11. a4 Na6 12. a5 Qd8 13. h4 Qe7 14. Qe2 Nb4 15. Nf3 Bg4
16. O-O Nc7 17. Qg2 Qd7 18. f5 gxf5 19. Nh2 Rad8 20. Nxg4 fxg4 21. Be2 f5 22.
gxf6 Bxf6 23. Bxg4 Qg7 24. Bg5 Bxg5 25. hxg5 Qxg5 26. Be6+ Nxe6 27. dxe6 Qxg2+
28. Kxg2 Rde8 29. Rxf8+ Kxf8 30. Rf1+ Kg8 31. Rf6 b6 32. Nb5 Nxc2 33. Nxd6 Re7
34. Nf5 Re8 35. e7 Nd4 36. axb6 axb6 37. Rxb6 Nxf5 38. exf5 Rxe7 39. f6 Rc7 40.
Re6 Kf7 41. Rxe5 Kxf6 42. Rh5 Kg6 43. Rd5 c4 44. Rd4 Kf5 45. Kf3 Ke5 46. Rh4
Kd5 47. Ke3 Kc5 48. Kd2 Kb4 49. Kc2 Rg7 50. Rh3 Rd7 51. b3 1/2-1/2

[Event "Lichtenberger Sommer"]
[Site "Berlin"]
[Date "2009.08.17"]
[Round "3.56"]
[White "Würsig, Mathias"]
[Black "Mai, Andreas"]
[Result "1/2-1/2"]
[WhiteElo "1861"]
[BlackElo "1950"]
[PlyCount "21"]
[EventDate "2009.??.??"]
[WhiteTeam "SV Blau-Gelb 1899 Hosena e.V."]
[BlackTeam "SC Friesen Lichtenberg e.V."]

1. e4 d6 2. d4 Nf6 3. Nc3 g6 4. Bd3 Bg7 5. Nf3 O-O 6. Be3 Bg4 7. O-O Nc6 8. Be2
Bxf3 9. Bxf3 e5 10. d5 Ne7 11. Qd2 1/2-1/2

[Event "Lichtenberger Sommer"]
[Site "Berlin"]
[Date "2009.08.17"]
[Round "3.57"]
[White "Hesselbarth, Karlheinz"]
[Black "Fieguth, Bernd"]
[Result "0-1"]
[WhiteElo "1864"]
[BlackElo "1887"]
[PlyCount "88"]
[EventDate "2009.??.??"]
[WhiteTeam "SC Zugzwang 95 e.V."]
[BlackTeam "SF Friedrichshagen"]

1. d4 Nf6 2. c4 e5 3. d5 Bc5 4. Nc3 O-O 5. e4 d6 6. Be2 c6 7. Nf3 Bg4 8. O-O
Nbd7 9. Qc2 a5 10. Bd2 Qc7 11. a3 Ne8 12. h3 Bh5 13. Nd1 cxd5 14. exd5 f5 15.
Bc3 Qb6 16. Ng5 Bxe2 17. Qxe2 Nc7 18. Rb1 a4 19. Ne3 Rae8 20. Rbe1 h6 21. Nf3
Rf6 22. Qd2 Qa6 23. Qc2 Bxe3 24. fxe3 Qxc4 25. Nd2 Qxd5 26. Qxa4 Nc5 27. Qc2
Ref8 28. Nf3 g5 29. Rd1 Qc6 30. Nd2 Nd5 31. Nc4 Ne4 32. Na5 Qc5 33. Rxd5 Qxd5
34. Rd1 Qb5 35. Bb4 Qb6 36. Qb3+ R8f7 37. Rc1 f4 38. Rc8+ Kg7 39. Nc4 Qa7 40.
Qd3 b5 41. Nxe5 dxe5 42. Qd8 Qxe3+ 43. Kh2 Qg3+ 44. Kg1 Kg6 0-1

[Event "Lichtenberger Sommer"]
[Site "Berlin"]
[Date "2009.08.17"]
[Round "3.58"]
[White "Gräfe, Charly"]
[Black "Nauschütz, Ernst"]
[Result "1/2-1/2"]
[WhiteElo "1889"]
[BlackElo "1839"]
[PlyCount "120"]
[EventDate "2009.??.??"]
[WhiteTeam "SF Friedrichshagen"]
[BlackTeam "Greifswalder SV"]

1. Nf3 Nf6 2. g3 b5 3. d3 Bb7 4. e4 e6 5. Bg2 Bb4+ 6. c3 Be7 7. O-O O-O 8. e5
Ne8 9. Qb3 a6 10. a4 c6 11. Nbd2 d5 12. exd6 Nxd6 13. Ne4 Nxe4 14. dxe4 Nd7 15.
Qc2 c5 16. Bf4 Nf6 17. Rfe1 Qc8 18. c4 bxa4 19. Rxa4 Bc6 20. Ra3 a5 21. Ne5 Be8
22. Bd2 a4 23. Bc3 Nd7 24. Rd1 Nxe5 25. Bxe5 f6 26. Bf4 e5 27. Be3 Bc6 28. f4
Qb7 29. h3 Rab8 30. Bc1 Rfe8 31. fxe5 fxe5 32. Qe2 Rbd8 33. Re1 Rf8 34. Kh2 Rf7
35. Rf3 Rxf3 36. Qxf3 Qd7 37. b3 Rf8 38. Qe3 Qd4 39. bxa4 Bxa4 40. Qe2 Rf2 41.
Qg4 Qxc4 42. Be3 Rf8 43. Rc1 Qa2 44. Bxc5 Bxc5 45. Rxc5 h6 46. Rxe5 Rf2 47.
Qe6+ Qxe6 48. Rxe6 Bc2 49. Kg1 Rd2 50. Bf3 Kf7 51. Rc6 Bd1 52. Bxd1 Rxd1+ 53.
Kf2 Rd3 54. h4 h5 55. Rc7+ Kf8 56. Rc5 g6 57. Rg5 Kg7 58. e5 Ra3 59. e6 Kf6 60.
e7 Ra8 1/2-1/2

[Event "Lichtenberger Sommer"]
[Site "Berlin"]
[Date "2009.08.17"]
[Round "3.59"]
[White "Kriese, Ralf"]
[Black "Davydov, Ruven"]
[Result "0-1"]
[WhiteElo "1639"]
[BlackElo "1932"]
[PlyCount "62"]
[EventDate "2009.??.??"]
[WhiteTeam "Greifswalder SV"]
[BlackTeam "TuS Makkabi Berlin e.V."]

1. e4 e5 2. Nf3 Nc6 3. Bc4 Nf6 4. Ng5 d5 5. exd5 Na5 6. Bb5+ c6 7. dxc6 bxc6 8.
Be2 h6 9. Nf3 e4 10. Ne5 Bd6 11. d4 exd3 12. Nxd3 Qc7 13. b4 Nc4 14. Nd2 Nxd2
15. Qxd2 O-O 16. Bb2 Ne4 17. Qe3 Re8 18. Qd4 f6 19. f3 Ng5 20. h4 Bg3+ 21. Kd2
Be5 22. Qc5 Bxb2 23. Nxb2 Qf4+ 24. Kd1 Rxe2 25. Kxe2 Ba6+ 26. c4 Re8+ 27. Kf1
Nxf3 28. gxf3 Qxf3+ 29. Kg1 Re2 30. Rh2 Qg3+ 31. Kf1 Qxh2 0-1

[Event "Lichtenberger Sommer"]
[Site "Berlin"]
[Date "2009.08.17"]
[Round "3.60"]
[White "Reiche, Henry"]
[Black "Yuan, Yizheng"]
[Result "0-1"]
[WhiteElo "2012"]
[BlackElo "1770"]
[PlyCount "76"]
[EventDate "2009.??.??"]
[WhiteTeam "SV Berolina Mitte e.V."]
[BlackTeam "Schachpinguine Berlin e.V."]

1. e4 e5 2. Nf3 Nc6 3. Bb5 a6 4. Ba4 Nf6 5. O-O Be7 6. d3 b5 7. Bb3 d6 8. h3
Na5 9. c3 Nxb3 10. Qxb3 O-O 11. Be3 c5 12. Nbd2 Be6 13. c4 Rb8 14. Qc2 Nh5 15.
g4 Nf4 16. Kh2 g6 17. Rg1 Kg7 18. Nf1 Rh8 19. Ng3 h5 20. Nf5+ Kf8 21. Bxf4 exf4
22. Nxe7 hxg4 23. Ng5 Qxe7 24. Nxe6+ Qxe6 25. Kg2 gxh3+ 26. Kf3 h2 27. Rh1 Rh3+
28. Ke2 bxc4 29. dxc4 Rb4 30. b3 d5 31. a3 Rbxb3 32. cxd5 Qb6 33. Qc4 Rb2+ 34.
Kf1 f3 35. Re1 Rb1 36. Rc1 Qb5 37. Rxb1 Qxb1+ 38. Qc1 Qxc1# 0-1

[Event "Lichtenberger Sommer"]
[Site "Berlin"]
[Date "2009.08.17"]
[Round "3.61"]
[White "Jachym, Adam"]
[Black "Keusch, Horst"]
[Result "0-1"]
[WhiteElo "1583"]
[BlackElo "1970"]
[PlyCount "80"]
[EventDate "2009.??.??"]
[WhiteTeam "OKSz Spolem Opole"]
[BlackTeam "SC Friesen Lichtenberg e.V."]

1. e4 g6 2. d4 Bg7 3. Nf3 c6 4. Nc3 d5 5. e5 Bg4 6. Bf4 e6 7. Be2 Ne7 8. Qd2
Nd7 9. h3 Bxf3 10. Bxf3 a6 11. Nd1 c5 12. c3 cxd4 13. cxd4 Nc6 14. O-O O-O 15.
Bg4 Qb6 16. Nc3 Qxd4 17. Nxd5 exd5 18. Bxd7 Qxd2 19. Bxd2 Nxe5 20. Ba4 b5 21.
Bb3 Nc4 22. Bxc4 bxc4 23. Rab1 Rab8 24. b4 c3 25. Bf4 Rbc8 26. Rbd1 Rfd8 27. a3
Rc4 28. Bg5 Rd7 29. Rd3 f6 30. Bc1 f5 31. Rfd1 d4 32. Re1 Kf7 33. f4 Re7 34.
Kf2 Re4 35. g3 Ke6 36. Red1 Kd5 37. h4 h5 38. Kf3 Rc8 39. Kf2 Kc4 40. Kf3 Rce8
0-1

[Event "Lichtenberger Sommer"]
[Site "Berlin"]
[Date "2009.08.17"]
[Round "3.62"]
[White "Getzuhn, Detlef"]
[Black "Krusemark, Gerhard"]
[Result "0-1"]
[WhiteElo "1957"]
[BlackElo "1858"]
[PlyCount "58"]
[EventDate "2009.??.??"]
[WhiteTeam "SV Senat e.V."]
[BlackTeam "TSG Rot-Weiß Fredersdorf/Vogelsd"]

1. e4 e6 2. d4 d5 3. Nd2 a6 4. Bd3 c5 5. dxc5 Bxc5 6. exd5 Nf6 7. dxe6 Bxe6 8.
Ngf3 O-O 9. O-O Nbd7 10. Nb3 Ba7 11. c3 Bg4 12. h3 Bxf3 13. gxf3 Ne5 14. Be4
Nxe4 15. fxe4 Qh4 16. Kg2 Qxe4+ 17. f3 Qg6+ 18. Kh2 Nd3 19. Qc2 Rad8 20. Qg2
Qd6+ 21. Kh1 Rfe8 22. Bg5 f6 23. Bh4 Nf4 24. Bg3 Nxg2 25. Bxd6 Ne3 26. Bc7 Rd7
27. Bf4 Nxf1 28. Rxf1 Rde7 29. Bd2 Re2 0-1

[Event "Lichtenberger Sommer"]
[Site "Berlin"]
[Date "2009.08.17"]
[Round "3.63"]
[White "Mayer, Herbert"]
[Black "Boeck, Rüdiger"]
[Result "1-0"]
[WhiteElo "1917"]
[BlackElo "1655"]
[PlyCount "85"]
[EventDate "2009.??.??"]
[WhiteTeam "SC Rochade e.V."]
[BlackTeam "SC Weisse Dame Ulm e.V."]

1. c4 Nf6 2. Nc3 g6 3. g3 Bg7 4. Bg2 O-O 5. f4 c6 6. Nf3 d5 7. cxd5 Nxd5 8. O-O
Bf5 9. Re1 Nxc3 10. bxc3 Nd7 11. e4 Bg4 12. d4 c5 13. Be3 cxd4 14. cxd4 Nf6 15.
Qd3 Bxf3 16. Bxf3 e6 17. Rab1 b6 18. Rec1 Rc8 19. Qa6 Qd7 20. Kh1 Rfd8 21. Bf2
Ne8 22. e5 Rc7 23. Rxc7 Qxc7 24. Be3 Qc3 25. Qe2 Bf8 26. Rc1 Qa3 27. Rc4 Ng7
28. g4 Ne8 29. Kg2 b5 30. Rc6 Qa4 31. Be4 a6 32. f5 Ng7 33. f6 Ne8 34. Qc2
Qxc2+ 35. Bxc2 a5 36. Be4 Rb8 37. d5 exd5 38. Bxd5 a4 39. e6 fxe6 40. Bxe6+ Kh8
41. Bd4 b4 42. Rc8 b3 43. Rxb8 1-0

[Event "Lichtenberger Sommer"]
[Site "Berlin"]
[Date "2009.08.17"]
[Round "3.64"]
[White "Kasper, Peter"]
[Black "Schüler, Wolfgang"]
[Result "0-1"]
[WhiteElo "1583"]
[BlackElo "1998"]
[PlyCount "88"]
[EventDate "2009.??.??"]
[WhiteTeam "SG Eckturm"]
[BlackTeam "SC Friesen Lichtenberg e.V."]

1. e4 e5 2. Nf3 Nc6 3. Bc4 Bc5 4. c3 Nf6 5. d4 exd4 6. cxd4 Bb4+ 7. Bd2 Bxd2+
8. Nbxd2 d5 9. exd5 Nxd5 10. O-O Nce7 11. Re1 O-O 12. a3 c6 13. Re4 Bf5 14. Re5
Qd7 15. Nb3 b6 16. Qd2 Ng6 17. Ree1 Rae8 18. Rxe8 Rxe8 19. Re1 Rxe1+ 20. Qxe1
Nge7 21. Nbd2 Qe6 22. Bxd5 Qxe1+ 23. Nxe1 Nxd5 24. g3 f6 25. Nc4 Kf8 26. Ne3
Be6 27. Nxd5 Bxd5 28. Nc2 Ke7 29. f4 Kd6 30. Kf2 Be4 31. Ne3 c5 32. dxc5+ Kxc5
33. Ke2 Kd4 34. Kd2 Bg6 35. b4 a6 36. Nc2+ Bxc2 37. Kxc2 Kc4 38. Kb2 f5 39. Kc2
h5 40. Kb2 a5 41. bxa5 bxa5 42. Kc2 a4 43. h3 Kd4 44. Kd2 h4 0-1

[Event "Lichtenberger Sommer"]
[Site "Berlin"]
[Date "2009.08.17"]
[Round "3.65"]
[White "Nieber, Alexander"]
[Black "Schlittermann, Wolfgang"]
[Result "1-0"]
[WhiteElo "1826"]
[BlackElo "1644"]
[PlyCount "75"]
[EventDate "2009.??.??"]
[WhiteTeam "SG Aufbau Elbe Magdeburg"]
[BlackTeam "SK Gillette"]

1. d4 e6 2. Nf3 Nf6 3. g3 b6 4. Bg2 Bb7 5. O-O Be7 6. c4 c5 7. dxc5 Bxc5 8. Nc3
a6 9. Na4 Be7 10. Be3 b5 11. Nb6 Ra7 12. Nxd7 Ra8 13. Nb6 Ra7 14. Nc8 Qxd1 15.
Rfxd1 Bxf3 16. Bxa7 Bxg2 17. Kxg2 Nc6 18. Bb6 O-O 19. Nxe7+ Nxe7 20. Bc5 Re8
21. Bxe7 Rxe7 22. Rd8+ Ne8 23. cxb5 axb5 24. Rc1 f6 25. Rcc8 Kf7 26. Rxe8 Rxe8
27. Rxe8 Kxe8 28. Kf3 Kd7 29. Ke4 Kc6 30. Kd4 Kd6 31. f4 g6 32. a3 h6 33. b3
Kc6 34. a4 Kb6 35. e4 g5 36. e5 f5 37. fxg5 hxg5 38. h4 1-0

[Event "Lichtenberger Sommer"]
[Site "Berlin"]
[Date "2009.08.17"]
[Round "3.66"]
[White "Krawatzki, Armin"]
[Black "Bandlow, Matthias"]
[Result "1/2-1/2"]
[WhiteElo "1874"]
[BlackElo "1997"]
[PlyCount "76"]
[EventDate "2009.??.??"]
[WhiteTeam "SVG Läufer Reinickendorf e.V."]
[BlackTeam "SC Borussia Friedrichsfelde 1920"]

1. Nf3 d5 2. c4 e6 3. b3 Nf6 4. Bb2 Be7 5. g3 O-O 6. Bg2 c6 7. O-O Nbd7 8. d3
b5 9. cxd5 cxd5 10. Nbd2 Bb7 11. Rc1 a5 12. Ne5 Nxe5 13. Bxe5 Bd6 14. Nf3 a4
15. Bxd6 Qxd6 16. Nd4 Qb6 17. e3 Nd7 18. b4 Rac8 19. Qd2 Ne5 20. f4 Nc6 21.
Nxc6 Rxc6 22. Rxc6 Qxc6 23. Rc1 Qb6 24. d4 f6 25. Rc5 Rc8 26. Qc3 Rxc5 27. Qxc5
Qxc5 28. dxc5 Kf7 29. Kf2 e5 30. a3 Bc6 31. Ke2 Kg6 32. Kd2 h5 33. h4 Kh6 34.
f5 g6 35. fxg6 Kxg6 36. Bf3 f5 37. Be2 Be8 38. Bf3 Bc6 1/2-1/2

[Event "Lichtenberger Sommer"]
[Site "Berlin"]
[Date "2009.08.17"]
[Round "3.67"]
[White "Kurbel, Horst-Peter"]
[Black "Bauer, Stefan"]
[Result "1-0"]
[WhiteElo "1888"]
[BlackElo "1773"]
[PlyCount "111"]
[EventDate "2009.??.??"]
[WhiteTeam "SV Empor Berlin e.V."]
[BlackTeam "SC Kreuzberg e.V."]

1. d4 Nf6 2. c4 e6 3. Nc3 c5 4. d5 exd5 5. cxd5 d6 6. e4 g6 7. Nf3 Bg7 8. Bb5+
Bd7 9. Be2 a6 10. a4 O-O 11. Bf4 Bg4 12. O-O Nh5 13. Be3 h6 14. h3 Bd7 15. Nd2
Nf6 16. Nc4 Ne8 17. e5 Qc7 18. exd6 Qd8 19. Qd2 b6 20. Bxh6 Qh4 21. Bxg7 Kxg7
22. Qe3 Nf6 23. Nxb6 Ra7 24. Qg3 Qb4 25. a5 Re8 26. Bc4 Rb7 27. Nxd7 Rxd7 28.
Qd3 Rxd6 29. Ra4 Qb7 30. Raa1 Nbd7 31. f4 Nh5 32. b3 Nhf6 33. Rae1 Rxe1 34.
Rxe1 Qb4 35. Ra1 Qb7 36. Ne4 Nxe4 37. Qxe4 Nf6 38. Qe5 Rd8 39. d6 Qc6 40. Rd1
Rd7 41. Rd5 Qa8 42. g4 Qe8 43. Rxc5 Qxe5 44. fxe5 Ne4 45. Rc7 Rd8 46. Rxf7+ Kh6
47. h4 Nc5 48. Be2 g5 49. b4 Ne4 50. Bd3 gxh4 51. Bxe4 Kg5 52. Bf5 Rb8 53. d7
Kf4 54. Kg2 Rxb4 55. d8=Q Rb2+ 56. Bc2+ 1-0

[Event "Lichtenberger Sommer"]
[Site "Berlin"]
[Date "2009.08.17"]
[Round "3.68"]
[White "Stark, Steven"]
[Black "Belger, Christian"]
[Result "0-1"]
[WhiteElo "1169"]
[BlackElo "1975"]
[PlyCount "104"]
[EventDate "2009.??.??"]
[WhiteTeam "VfB Hermsdorf e.V."]
[BlackTeam "USV Potsdam e.V., Abt. Schach"]

1. e4 c5 2. Nf3 d6 3. Nc3 Nc6 4. Bb5 g6 5. O-O Bg7 6. d3 a6 7. Bxc6+ bxc6 8. d4
cxd4 9. Nxd4 Bb7 10. Be3 c5 11. Nde2 Nf6 12. f3 O-O 13. Nd5 e6 14. Nxf6+ Bxf6
15. c3 Qc7 16. a4 a5 17. Qc2 Ba6 18. c4 Rab8 19. Ra2 Qb6 20. Rb1 Qb3 21. Qxb3
Rxb3 22. Ra3 Rfb8 23. Rxb3 Rxb3 24. Bd2 Bxc4 25. Nc1 Bd4+ 26. Kh1 Rxb2 27. Rxb2
Bxb2 28. Kg1 Ba3 29. Bf4 f6 30. Kf2 Kf7 31. Ke1 g5 32. Be3 d5 33. exd5 exd5 34.
Kd2 d4 35. Bf2 Ke6 36. g3 Kd5 37. h3 f5 38. g4 fxg4 39. hxg4 Bxc1+ 40. Kxc1 Be2
41. Be1 Bxf3 42. Bxa5 Bxg4 43. Bd2 h6 44. a5 Bc8 45. Kc2 Ba6 46. Kb3 Ke4 47.
Kc2 Kf5 48. Kd1 h5 49. Be1 h4 50. Bf2 Ke4 51. Kd2 Kf3 52. Ke1 h3 0-1

[Event "Lichtenberger Sommer"]
[Site "Berlin"]
[Date "2009.08.17"]
[Round "3.69"]
[White "Batschari, Alexander"]
[Black "Völler, Lothar"]
[Result "1-0"]
[WhiteElo "1808"]
[BlackElo "1509"]
[PlyCount "77"]
[EventDate "2009.??.??"]
[WhiteTeam "SV Königsjäger Süd-West e.V."]
[BlackTeam "Freier Sportverein von 1898 Dort"]

1. e4 Nf6 2. Nc3 e5 3. Nf3 Nc6 4. Bb5 d6 5. O-O Be7 6. d4 O-O 7. Bxc6 bxc6 8.
dxe5 dxe5 9. Qxd8 Rxd8 10. Nxe5 Bb7 11. Be3 Bd6 12. Nf3 Ng4 13. Bg5 f6 14. Bh4
Ne5 15. Nxe5 Bxe5 16. Rfd1 a5 17. Bg3 Bxg3 18. hxg3 a4 19. Rxd8+ Rxd8 20. Nxa4
Rd2 21. Rc1 Bc8 22. Nc5 Kf7 23. a4 f5 24. f3 fxe4 25. fxe4 Ke7 26. b4 Rd4 27.
c3 Rd2 28. Ra1 Rc2 29. Ra3 Rc1+ 30. Kh2 Bg4 31. a5 Rc2 32. c4 Be2 33. a6 Bf1
34. Kg1 Bxc4 35. a7 Rc1+ 36. Kh2 Rc2 37. a8=Q Bf1 38. Kg1 Bxg2 39. Qxc6 1-0